[Event "Kazakhstan Cup"]
[Site "Astana"]
[Date "2023.04.23"]
[Round "1"]
[White "Sivuk, Vitaly"]
[Black "Serikkazy, Nuraly"]
[Result "1-0"]
[WhiteElo "2533"]
[BlackElo "1535"]
[PlyCount "97"]
[EventDate "2023.04.23"]
[EventType "swiss"]
[EventRounds "9"]
[EventCountry "KAZ"]
[SourceTitle "CBM 213 Extra"]
[Source "ChessBase"]
[SourceDate "2023.05.31"]
[SourceVersion "1"]
[SourceVersionDate "2023.05.31"]
[SourceQuality "1"]

1. d4 Nf6 2. c4 g6 3. Nc3 Bg7 4. e4 d6 5. Nf3 0-0 6. Be2 e5 7. d5 Nh5 8. g3 f5 9. exf5 Bxf5 10. Ng5 Nf6 11. g4 Bc8 12. h4 Qe7 13. Nge4 Nbd7 14. h5 gxh5 15. gxh5 Nxe4 16. Nxe4 Nf6 17. Bg5 Qf7 18. Bxf6 Bxf6 19. Bg4 Bxg4 20. Qxg4+ Kh8 21. Ke2 b5 22. b3 Rab8 23. Rac1 a5 24. c5 Be7 25. cxd6 Bxd6 26. Rhg1 Rg8 27. Ng5 Qe7 28. Qh4 e4 29. Rg4 Qg7 30. Rcg1 Qf6 31. Kf1 Be7 32. Qg3 Rxg5 33. Rxg5 Qxg5 34. Qxg5 Bxg5 35. Rxg5 Re8 36. Ke2 h6 37. Rg6 Re5 38. Rxh6+ Kg7 39. Rc6 Rxd5 40. Rxc7+ Kh6 41. Ra7 b4 42. Ke3 Rxh5 43. Kxe4 Kg6 44. f4 Kf6 45. Ra6+ Ke7 46. f5 Rh4+ 47. Ke5 Rh1 48. Ra7+ Kf8 49. Rxa5 1-0